01026nam a2200205Ia 4500100001600000650002100016250000600037942000700043366000700050654002100057245003700078260002400115300000800139546001200147999001700159952015500176952015500331952017900486952015500665 aRaghavan/V  aMaterial science a5 cBK f20 amaterial science aMaterial Science and Engineering bprentice hallc2004 a439 aENGLISH c21239d21239 001040708CRCaCRCEbCRCEd2023-03-17eEducational books and periodicalsg180.00i279 dt 15/06/2009l0o p19718r2023-03-17v225.00w0000-00-00yBK 001040708CRCaCRCEbCRCEd2023-03-17eEducational books and periodicalsg180.00i279 dt 15/06/2009l0o p19719r2023-03-17v225.00w0000-00-00yBK 001040708CRCaCRCEb1234d2023-03-17eEducational books and periodicalsg180.00i279 dt 15/06/2009l1o p19720q2011-12-08r2023-06-12s2023-06-12v225.00w0000-00-00yBK 001040708CRCaCRCEbCRCEd2023-03-17eEducational books and periodicalsg180.00i279 dt 15/06/2009l0o p19721r2023-03-17v225.00w0000-00-00yBK